Responses for Show #6590 - Friday, April 19, 2013

Contestants

[<< previous game]

Phil Goldstein, a benefits consultant from Decatur, Georgia

Mary Graves, an online instructor from Terre Haute, Indiana

Judy Arginteanu, a freelance writer and editor from Minneapolis, Minnesota (whose 1-day cash winnings total $21,000)

[next game >>]

Jeopardy! Round responses

TED TALKS
NFL DEFENSIVE PLAYER OF THE YEAR
BODY SNATCHERS
WEIGHTS & MEASURES
COUNTRY ROADS
TAKE ME HOME
    $200 17
Ted Turner

Phil
    $200 12
the Pittsburgh Steelers

Phil
    $200 11
Anne Boleyn

Phil
    $200 22
Fahrenheit

Mary
    $200 1
Wall Street

Judy
    $200 6
address

Mary
    $400 18
Ted Koppel

Judy
    $400 13
Lawrence Taylor

Phil
    $400 27
Saint Nicholas

Mary
    $400 23
(Judy: What are hertz?)

decibels

JudyMary
    $400 2
the bulls

Judy
    $400 7
(Judy: What is base?)

quarters

JudyMary
    $600 19
Ted Williams

Mary
    $600 14
the Chicago Bears

Phil
    $600 28
Tom Paine

Judy
    $600 24
a knot

Phil
    $600 3
China

Mary
    $600 8
casa

Judy
    $800 20
Ted Stevens

Judy
    $800 15
Deion Sanders

Phil
    $800 29
Skull and Bones

Judy
    $800 25
horsepower

Mary
    $1,000 4
(Alex: You are right! And it's paved!)

it's the highest altitude

Mary
    $800 9
pad

Mary
    $1000 21
Ted Hughes

Phil
    $1000 16
(Phil: Who are the Oakland Raiders?)

the Green Bay Packers

Phil
Triple Stumper
    $1000 30
Gram Parsons

Phil
    $1000 26
a stone

Phil
    $1000 5
Electric Avenue

Mary
    $1000 10
habitat

Mary

Scores at the first commercial break (after clue 16):

Judy Mary Phil
$800 $5,000 $1,200

Scores at the end of the Jeopardy! Round:

Judy Mary Phil
$3,000 $7,400 $5,000

Double Jeopardy! Round responses

CELEBRITIES' FAVORITE BOOKS
COVERING YOUR BASES
TV SHOWS BY DAD
(Alex: You name the show.)
EARLY AMERICAN HISTORY
ART SUBJECTS
-E-I-E-I OH!
(Alex: In each response, an "E" will be followed by an "I", and then another "E" will be followed by an "I".)
    $400 11
(Alex: Yes, and I'm a little surprised that Jane was doing a little editorializing there and picking on poor Jane.)

Tarzan

Mary
    $400 16
blue

Phil
    $400 6
(Alex: That's the show.)

Family Guy

Mary
    $400 21
the Alamo

Phil
    $400 1
(Alex: The Schuylkill--[*].)

Philadelphia

Triple Stumper
    $400 26
a penitentiary

Phil
    $800 12
(E.L.) Doctorow

Mary
    $800 17
a grand slam

Phil
    $800 7
Leave It to Beaver

Mary
    $800 22
Faneuil Hall

Phil
    $800 2
(Alex: [*] is the son.)

Icarus

Judy
    $800 27
existentialism

Judy
    $1200 13
(Phil: Who is Dostoevsky?)

Tolstoy

JudyPhil
    $1200 18
climbing Mount Everest

Mary
    $1200 8
Little People, Big World

Triple Stumper
    $1200 23
potatoes

Mary
    $2,000 3
(Alex: The most famous artist out of Amsterdam.)

Rembrandt

Judy
    $1200 28
(Mary: What is melodramatic?)
(Phil: What is a three-hanky weeper?)
...
[The end-of-round signal sounds.]

sentimentalism

MaryPhil
Triple Stumper
    $1600 14
(Franz) Kafka

Phil
    $1600 19
(Phil: What is adenine-triphosphate?)

a base pair

Phil
Triple Stumper
    $1600 9
7th Heaven

Mary
    $2,400 24
(Mary: Who is John Wesley?)

William Penn

Mary
    $1600 4
Mary & the angel Gabriel

Mary
    $2000 15
Dave Eggers

Triple Stumper
    $2000 20
(Phil: What is [*] or sorcerer's stone?)
[originally ruled correct]
(Alex: A few moments ago, you gave us a response "what is the philosopher's or sorcerer's stone." Sorcerer is not correct, and that made your whole response incorrect.)

a philosopher's stone

Phil
Triple Stumper
    $2000 10
The Neighbors

Triple Stumper
    $2000 25
Niagara

Judy
    $2000 5
(Alex: Very popular--[*]--the globe.)

Thomas Kinkade

Triple Stumper

Scores at the end of the Double Jeopardy! Round:

Judy Mary Phil
$9,800 $11,800 $3,400

[wagering suggestions for these scores]

Final Jeopardy! Round responses

COUNTRIES' HIGHEST POINTS
(Alex: Mt. Aconcagua in [*], close to 23,000 feet in elevation.)
PhilWhat is US?
$3,300
JudyWhat is the United States?
$2,500
MaryWhat is the United States?
$6,900
Argentina

Final scores:

Judy Mary Phil
$7,300 $4,900 $100
2-day champion: $28,300 2nd place: $2,000 3rd place: $1,000

Game dynamics:

Coryat scores:

Judy Mary Phil
$9,000 $14,000 $3,400
12 R
(including 1 DD),
2 W
20 R
(including 1 DD),
2 W
(including 1 DD)
16 R,
5 W

Combined Coryat: $26,400

[game clues] [game scores] [suggest correction]

Game tape date: 2012-12-04
The J! Archive is created by fans, for fans. Scraping, republication, monetization, and malicious use prohibited; this site may use cookies and collect identifying information. See terms. The Jeopardy! game show and all elements thereof, including but not limited to copyright and trademark thereto, are the property of Jeopardy Productions, Inc. and are protected under law. This website is not affiliated with, sponsored by, or operated by Jeopardy Productions, Inc. Join the discussion at JBoard.tv.